000 01183nam a2200301 i 4500
001 bg
100 1 _aSUTTON, Roger J.
245 1 0 _aBezpieczeństwo telekomunikacji :
_bpraktyka i zarządzanie /
_cRoger J. Sutton ; tł. z jęz. ang. Grzegorz Stawikowski.
246 _iTyt. oryg.:
_aSecure communications : applications and management
260 _aWarszawa :
_bWydawnictwa Komunikacji i Łączności,
_c2004.
300 _a362 s. :
_bfot., mapy, rys., tab., wykr. ;
_c25 cm.
500 _aTyt. oryg.: "Secure communications : applications and management" 2002.
504 _aBibliogr. s. 355.
650 9 _aInformacja
_xochrona
650 9 _aSzyfry
_xstosowanie
_xtelekomunikacja
650 9 _aTelekomunikacja
655 _aPodręczniki
700 1 _aSTAWIKOWSKI, Grzegorz.
_eTł.
015 _aPB 15218/2004
020 _a8320615178
040 _cBPK
041 1 _apol
_heng
080 _a621.391:654:003.26:004.056.55](07)
920 _a83-206-1517-8
942 _cKS
008 s pl f |000 0 pol
999 _c46850
_d46850
856 _uhttp://koha.tu.koszalin.pl/cgi-bin/koha/opac-detail.pl?biblionumber=46850
_yKatalog online BPK